Impact of the US dollar on the Malaysian real effective exchange rates and trade balance /
Saved in:
| 主要作者: | |
|---|---|
| 格式: | Thesis 圖書 |
| 語言: | English |
| 出版: |
2005.
|
| 主題: | |
| 在線閱讀: | http://studentsrepo.um.edu.my/id/eprint/2244 |
| 標簽: |
添加標簽
沒有標簽, 成為第一個標記此記錄!
|
| LEADER | 01015cam a2200265 a 4500 | ||
|---|---|---|---|
| 001 | u717636 | ||
| 003 | SIRSI | ||
| 008 | 060123s2005 my a t 000 0 eng m | ||
| 040 | |a UME |d UMM | ||
| 043 | |a a-my--- | ||
| 090 | |a HB71 |b UM 2005 Mut | ||
| 099 | |a HB71 |b UM 2005 Mut | ||
| 100 | 0 | 0 | |a Muthalahee Rajendran. |
| 245 | 1 | 0 | |a Impact of the US dollar on the Malaysian real effective exchange rates and trade balance / |c Muthalahee a/p Rajendran. |
| 260 | |c 2005. | ||
| 300 | |a viii, 96 leaves : |b ill ; |c 30 cm. | ||
| 502 | |a Dissertation (M.Ec.) -- Fakulti Ekonomi dan Pentadbiran, Universiti Malaya, 2005. | ||
| 504 | |a Bibliography: leaves 93-96. | ||
| 650 | 0 | |a Foreign exchange rates |z Malaysia. | |
| 650 | 0 | |a Balance of trade |z Malaysia. | |
| 710 | 2 | 0 | |a Universiti Malaya. |b Fakulti Ekonomi dan Pentadbiran. |
| 856 | 4 | 1 | |u http://studentsrepo.um.edu.my/id/eprint/2244 |
| 900 | |a HA | ||
| 596 | |a 1 | ||
| 999 | |a HB71 UM 2005 MUT |w LC |c 1 |i A512500233 |d 16/11/2009 |e 16/11/2009 |f 24/3/2006 |g 1 |l STACKS |m P01UTAMA |n 4 |r Y |s Y |t TESIS |u 22/3/2006 | ||
